[Event "San Sebastian de los Reyes op 14th"]
[Site "San Sebastian"]
[Date "2012.12.08"]
[Round "8"]
[White "Jimenez Perez, Federico"]
[Black "Engelbrecht, Kevin P"]
[Result "0-1"]
[WhiteElo "1275"]
[BlackElo "1702"]
[PlyCount "114"]
[EventDate "2012.12.01"]
[EventType "swiss"]
[EventRounds "9"]
[EventCountry "ESP"]
[SourceTitle "CBM 151 Extra"]
[Source "ChessBase"]
[SourceDate "2012.12.18"]
[SourceVersion "1"]
[SourceVersionDate "2012.12.18"]
[SourceQuality "1"]

1. e4 e5 2. Nf3 Nf6 3. Nxe5 d6 4. Nf3 Nxe4 5. d4 d5 6. Bd3 Nc6 7. 0-0 Be7 8. Re1 Bg4 9. Bxe4 dxe4 10. Rxe4 Bxf3 11. Qxf3 Nxd4 12. Qd3 Nc6 13. Nc3 Qxd3 14. cxd3 0-0-0 15. Bf4 Rxd3 16. Rae1 Rhd8 17. a3 a6 18. Rc1 Bxa3 19. bxa3 Rxc3 20. Ree1 Rxa3 21. h4 Rad3 22. g4 R3d4 23. Bg3 Rxg4 24. Kg2 a5 25. Kh3 Rgd4 26. f4 f5 27. h5 a4 28. Rc5 g6 29. Bh4 Rd3+ 30. Kg2 Rd2+ 31. Kf1 R8d4 32. Bg5 Rd1 33. hxg6 hxg6 34. Rc1 Rxc1 35. Rxc1 a3 36. Ra1 Rd3 37. Ke2 Rh3 38. Kd2 b5 39. Re1 a2 40. Bf6 b4 41. Kc2 b3+ 42. Kb2 Na5 43. Re8+ Kb7 44. Re2 Rh1 45. Ka3 a1Q+ 46. Bxa1 Rxa1+ 47. Kb4 Nc6+ 48. Kc3 Rc1+ 49. Kb2 Rc2+ 50. Rxc2 bxc2 51. Kxc2 Kb6 52. Kc3 Ne7 53. Kd4 c5+ 54. Kc4 Kc6 55. Kd3 Nd5 56. Ke2 Nxf4+ 57. Kf3 Ne6 0-1